Catálogo
 En Linea

Bosch : (Registro nro. 16748)

Detalles MARC
000 -CABECERA
campo de control de longitud fija 00858nam a2200265 a 4500
001 - NÚMERO DE CONTROL
campo de control 000017223
003 - IDENTIFICADOR DEL NÚMERO DE CONTROL
campo de control OSt
005 - FECHA Y HORA DE LA ÚLTIMA TRANSACCIÓN
campo de control 20260321073640.0
008 - DATOS DE LONGITUD FIJA--INFORMACIÓN GENERAL
campo de control de longitud fija 100319s2009 dr ac 001 0 spa d
020 ## - NÚMERO INTERNACIONAL ESTÁNDAR DEL LIBRO
ISBN cancelado o inválido 978994527813
040 ## - FUENTE DE LA CATALOGACIÓN
Centro catalogador/agencia de origen DO-SdBNP
Lengua de catalogación spa
Centro/agencia transcriptor DO-SdBNP
049 ## - FONDOS LOCALES (OCLC)
Fondos de biblioteca
082 ## - NÚMERO DE LA CLASIFICACIÓN DECIMAL DEWEY
Número de clasificación BNPHU 923.27293
Número de documento/Ítem B742C
100 1# - ENTRADA PRINCIPAL--NOMBRE DE PERSONA
Nombre de persona Colombo, Ramón E.,
Fechas asociadas al nombre 1947-
9 (RLIN) 37868
245 10 - MENCIÓN DE TÍTULO
Título Bosch :
Resto del título la palabra y el eco /
Mención de responsabilidad, etc. Ramón E. Colombo.
260 ## - PUBLICACIÓN, DISTRIBUCIÓN, ETC.
Lugar de publicación, distribución, etc. Santo Domingo :
Nombre del editor, distribuidor, etc. Alfa y Omega,
Fecha de publicación, distribución, etc. 2009.
300 ## - DESCRIPCIÓN FÍSICA
Extensión 108 p. :
Otras características físicas il. ; retrs. ;
Dimensiones 28 cm.
500 ## - NOTA GENERAL
Nota general Incluye índice onomástico
500 ## - NOTA GENERAL
Nota general Incluye datos biográficos del autor en la solapa de la cubierta
590 ## - NOTA LOCAL (RLIN)
Nota local Inventariado,2020/VM
600 10 - PUNTO DE ACCESO ADICIONAL DE MATERIA--NOMBRE DE PERSONA
Nombre de persona Bosch, Juan,
Fechas asociadas al nombre 1909-2001
Subdivisión de forma Entrevistas
9 (RLIN) 76555
651 10 - PUNTO DE ACCESO ADICIONAL DE MATERIA--NOMBRE GEOGRÁFICO
Nombre geográfico República Dominicana
Subdivisión general Política y gobierno
9 (RLIN) 45
942 ## - ELEMENTOS DE PUNTO DE ACCESO ADICIONAL (KOHA)
Fuente del sistema de clasificación o colocación Dewey Decimal Classification
Tipo de ítem Koha Libro
956 ## - LOCALIZACIÓN Y ACCESO ELECTRÓNICOS LOCAL (OCLC)
Nombre del host VMateo
Existencias
Estado de retiro Estado de pérdida Fuente del sistema de clasificación o colocación No para préstamo Código de colección Localización permanente Ubicación/localización actual Ubicación en estantería Fecha de adquisición Número de inventario Total de préstamos Signatura topográfica completa Código de barras Fecha visto por última vez Número de copia Precio válido a partir de Tipo de ítem Koha Fuente de adquisición
    Dewey Decimal Classification Préstamo en sala Dominicana de Servicio Biblioteca Nacional Pedro Henríquez Ureña General Depósito 19.03.2010   BNPHU 923.27293 B742C 17223-30 25.06.2020 e. 3 25.06.2020 Libro y Folleto Colección Dominicana de Servicio  
    Dewey Decimal Classification Préstamo en sala Dominicana de Servicio Biblioteca Nacional Pedro Henríquez Ureña General Depósito 24.11.2010   BNPHU 923.27293 B742C 17223-40 25.06.2020 e. 4 25.06.2020 Libro y Folleto Colección Dominicana de Servicio Deposito Legal
    Dewey Decimal Classification Préstamo en sala Dominicana de Servicio Biblioteca Nacional Pedro Henríquez Ureña General Depósito 24.11.2010   BNPHU 923.27293 B742C 17223-50 25.06.2020 e. 5 25.06.2020 Libro y Folleto Colección Dominicana de Servicio Ministerio de Cultura
    Dewey Decimal Classification Excluido de préstamo Patrimonio Dominicano Patrimonio Dominicano Patrimonio Dominicano Depósito 19.03.2010   BNPHU 923.27293 B742c 17223-10 25.06.2020   25.06.2020 Libro y Folleto Colección Patrimonio Dominicano Deposito Legal
    Dewey Decimal Classification Excluido de préstamo Patrimonio Dominicano Biblioteca Nacional Pedro Henríquez Ureña Patrimonio Dominicano Depósito 19.03.2010   BNPHU 923.27293 B742C 17223-20 25.06.2020 e. 2 25.06.2020 Libro y Folleto Colección Patrimonio Dominicano Deposito Legal

Con tecnología Koha